[Event "V Festival FIDE"]
[Site "Torre del Greco ITA"]
[Date "2006.09.03"]
[Round "1"]
[White "Stromboli, Carlo"]
[Black "Stromboli, Ettore"]
[Result "1/2-1/2"]
[WhiteElo "2196"]
[BlackElo "2224"]
[PlyCount "54"]
[EventDate "2006.09.03"]

1. e4 e5 2. Nf3 Nc6 3. d4 exd4 4. Bc4 Bc5 5. O-O Nf6 6. e5 d5 7. exf6 dxc4 8.
fxg7 Rg8 9. Bg5 Be7 10. Re1 Be6 11. Bh6 Qd5 12. Nbd2 O-O-O 13. b3 c3 14. Nc4
Bf6 15. Qd3 Bf5 16. Qe2 Bxg7 17. Bg5 Be6 18. Qd3 Rde8 19. Rad1 Bf5 20. Qxc3
Rxe1+ 21. Nxe1 d3 22. Qd2 Bh6 23. Bxh6 Bh3 24. Qxd3 Rxg2+ 25. Kh1 Rxf2+ 26. Kg1
Rg2+ 27. Kh1 Rf2+ 1/2-1/2

[Event "V Festival FIDE"]
[Site "Torre del Greco ITA"]
[Date "2006.09.04"]
[Round "2"]
[White "Amato, Andrea"]
[Black "Castaldo, Folco"]
[Result "1-0"]
[WhiteElo "2263"]
[BlackElo "2336"]
[PlyCount "87"]
[EventDate "2006.09.03"]

1. e4 c5 2. c3 Nf6 3. e5 Nd5 4. d4 cxd4 5. Nf3 e6 6. cxd4 d6 7. Be2 Nc6 8. O-O
Be7 9. a3 O-O 10. Bd3 Bd7 11. Qe2 Qb6 12. Rd1 Rac8 13. Nc3 Nxc3 14. bxc3 dxe5
15. dxe5 Rfd8 16. Ng5 h6 17. Qe4 Bxg5 18. Qh7+ Kf8 19. Qh8+ Ke7 20. Qxg7 Rg8
21. Bxg5+ hxg5 22. Qf6+ Ke8 23. Bh7 Rf8 24. Qxg5 Qc5 25. Re1 Qe7 26. Qg7 f5 27.
exf6 Rxf6 28. Qg5 Kd8 29. Be4 Rf7 30. Qb5 b6 31. Qd3 Kc7 32. Rad1 Rcf8 33. Re2
Qc5 34. Red2 Bc8 35. Qg3+ Qe5 36. Rd6 Rf4 37. Rxc6+ Kb8 38. Rc4 Ba6 39. Rcd4
Qc7 40. h3 e5 41. Rd7 Qc5 42. Bf3 Qxc3 43. Qg7 Bc8 44. Rb7+ 1-0

[Event "V Festival FIDE"]
[Site "Torre del Greco ITA"]
[Date "2006.09.04"]
[Round "2"]
[White "Madan, Augustin"]
[Black "De Rosa, Mariagrazia"]
[Result "1-0"]
[WhiteElo "2411"]
[BlackElo "2092"]
[PlyCount "77"]
[EventDate "2006.09.03"]

1. e4 g6 2. d4 Bg7 3. c3 d6 4. f4 e5 5. dxe5 Qh4+ 6. g3 Qe7 7. exd6 cxd6 8. Bg2
Nf6 9. Nd2 O-O 10. Ne2 Bg4 11. h3 Bxe2 12. Qxe2 Re8 13. O-O Nbd7 14. Qf3 Nc5
15. Re1 Nfxe4 16. Rxe4 Nxe4 17. Qxe4 Qc7 18. Qd3 Qc5+ 19. Kh2 Re3 20. Qd5 Rae8
21. Qxc5 dxc5 22. Nf3 Re2 23. Bd2 Rd8 24. Rd1 c4 25. Kg1 Bf8 26. Kf1 Re3 27.
Ne5 f6 28. Bxe3 Rxd1+ 29. Ke2 Rb1 30. Nxc4 b5 31. Be4 Ra1 32. Nd2 Kg7 33. Bb1
b4 34. Bd4 b3 35. a3 a5 36. c4 a4 37. c5 Kf7 38. Kd3 Ke6 39. Kc4 1-0

[Event "V Festival FIDE"]
[Site "Torre del Greco ITA"]
[Date "2006.09.04"]
[Round "2"]
[White "Okhotnik, Vladimir"]
[Black "Isonzo, David"]
[Result "1-0"]
[WhiteElo "2485"]
[BlackElo "2361"]
[PlyCount "119"]
[EventDate "2006.09.03"]

1. e4 e5 2. Nf3 Nc6 3. c3 Nf6 4. d4 Nxe4 5. Nxe5 Nxe5 6. dxe5 d5 7. Be3 Be7 8.
Nd2 O-O 9. Nxe4 dxe4 10. Bc4 Qxd1+ 11. Rxd1 Bf5 12. h3 Rfd8 13. Ke2 a6 14. g4
Bg6 15. a4 Kf8 16. a5 Rxd1 17. Rxd1 Rd8 18. Bd5 c6 19. Ba2 Rxd1 20. Kxd1 Ke8
21. b4 Kd7 22. Ke2 f5 23. Bd4 fxg4 24. hxg4 h5 25. gxh5 Bxh5+ 26. Ke3 Bf3 27.
Kf4 g6 28. Bf7 g5+ 29. Kf5 Bg2 30. Be6+ Ke8 31. Kg4 Bf3+ 32. Kg3 Be2 33. Bf5
Bd8 34. Bxe4 Bc7 35. Bf5 c5 36. bxc5 Bxa5 37. Bc8 Bc7 38. Bxb7 a5 39. Bc6+ Ke7
40. Ba4 Ke6 41. f4 gxf4+ 42. Kxf4 Bc4 43. Bd1 Bb5 44. Bb3+ Ke7 45. Ke4 a4 46.
Bd5 Be8 47. Kd3 Bb5+ 48. Kc2 Be8 49. Kb2 Bg6 50. Ka3 Be8 51. c6 Bg6 52. Kxa4
Bf5 53. Kb5 Bc8 54. Bc5+ Ke8 55. Bd6 Bd8 56. e6 Bf6 57. c7 Be7 58. Bxe7 Kxe7
59. Kb6 Kd6 60. c4 1-0

[Event "V Festival FIDE"]
[Site "Torre del Greco ITA"]
[Date "2006.09.04"]
[Round "2"]
[White "Orlov, Andrey"]
[Black "Stromboli, Carlo"]
[Result "1-0"]
[WhiteElo "2439"]
[BlackElo "2196"]
[PlyCount "81"]
[EventDate "2006.09.03"]

1. e4 e5 2. Nf3 Nc6 3. Bb5 a6 4. Bxc6 dxc6 5. O-O Be6 6. Nc3 f6 7. d4 exd4 8.
Nxd4 Qd7 9. Nxe6 Qxe6 10. Bf4 Bd6 11. Qf3 O-O-O 12. Rad1 Bxf4 13. Rxd8+ Kxd8
14. Qxf4 Ne7 15. Rd1+ Kc8 16. Qd2 Ng6 17. f4 Qe7 18. g3 Nf8 19. Qd4 b6 20. Qd3
Kb7 21. f5 h5 22. h4 g5 23. hxg5 fxg5 24. Qd4 Rh7 25. e5 g4 26. e6 h4 27. Ne4
hxg3 28. Nxg3 Qh4 29. Qf2 Qf6 30. Qd4 Qh4 31. Qf2 Qf6 32. Re1 Re7 33. c3 Rh7
34. Qe3 Re7 35. Kg2 a5 36. Qd4 Qg5 37. Qe3 Qf6 38. Qe5 Qg5 39. Ne4 Qh6 40. Rh1
Qe3 41. Nd6+ 1-0

[Event "V Festival FIDE"]
[Site "Torre del Greco ITA"]
[Date "2006.09.04"]
[Round "2"]
[White "Sellitti, Federico"]
[Black "Stromboli, Ettore"]
[Result "1/2-1/2"]
[WhiteElo "2165"]
[BlackElo "2224"]
[PlyCount "108"]
[EventDate "2006.09.03"]

1. e4 e6 2. d4 d5 3. Nd2 c5 4. exd5 exd5 5. Ngf3 Bd6 6. dxc5 Bxc5 7. Bb5+ Bd7
8. Bxd7+ Qxd7 9. O-O Ne7 10. Nb3 Bd6 11. Bg5 O-O 12. Bh4 Nbc6 13. Bg3 Rad8 14.
c3 Bc7 15. Bxc7 Qxc7 16. Nbd4 Qf4 17. Qd3 Rd6 18. Rfe1 Nxd4 19. Qxd4 Qxd4 20.
Nxd4 Nc8 21. Rad1 Rfd8 22. Re2 Kf8 23. f4 Ne7 24. Kf2 Nc6 25. Kf3 Nxd4+ 26.
Rxd4 f6 27. f5 Kf7 28. Red2 Ke7 29. Kf4 R8d7 30. g4 b5 31. h4 h6 32. g5 hxg5+
33. hxg5 fxg5+ 34. Kxg5 Kd8 35. a4 a6 36. axb5 axb5 37. Rb4 Rb6 38. Rh2 Kc7 39.
Rh8 Rf7 40. Ra8 Kc6 41. Rc8+ Rc7 42. Rxc7+ Kxc7 43. Rh4 Ra6 44. Rh7 Kd6 45.
Rxg7 Ra2 46. Rb7 Rxb2 47. f6 Rg2+ 48. Kh6 Rg3 49. f7 Rf3 50. Kg7 Rg3+ 51. Kf8
Rxc3 52. Rb6+ Ke5 53. Rxb5 Ke4 54. Ke7 Rc7+ 1/2-1/2

[Event "V Festival FIDE"]
[Site "Torre del Greco ITA"]
[Date "2006.09.05"]
[Round "3"]
[White "Castaldo, Folco"]
[Black "Okhotnik, Vladimir"]
[Result "0-1"]
[WhiteElo "2336"]
[BlackElo "2485"]
[PlyCount "114"]
[EventDate "2006.09.03"]

1. d4 Nf6 2. c4 Nc6 3. Nf3 e6 4. a3 d6 5. Nc3 Be7 6. e4 e5 7. d5 Nb8 8. Be2 Bg4
9. Nd2 Bxe2 10. Qxe2 Nbd7 11. O-O Nf8 12. c5 a6 13. cxd6 cxd6 14. a4 Ng6 15.
Nc4 O-O 16. Be3 Nd7 17. g3 Rc8 18. a5 Nc5 19. Nb6 Rc7 20. Ra3 Bg5 21. b4 Bxe3
22. Qxe3 Nd7 23. Nca4 f5 24. exf5 Ne7 25. g4 Nf6 26. h3 g6 27. f4 exf4 28. Qxf4
gxf5 29. gxf5 Nexd5 30. Rg3+ Rg7 31. Rxg7+ Kxg7 32. Nxd5 Nxd5 33. Qd4+ Nf6 34.
Re1 Qd7 35. Nb6 Qxf5 36. Kh2 Qc2+ 37. Kh1 Qc6+ 38. Kh2 Re8 39. Rxe8 Qxe8 40.
Qxd6 Qe2+ 41. Kg1 Qe3+ 42. Kg2 Qe2+ 43. Kg1 Ne4 44. Qe5+ Kg6 45. Qe6+ Kg5 46.
Qg8+ Kf4 47. Qf7+ Ke3 48. Qb3+ Kd4 49. Qd5+ Kc3 50. Qe5+ Kb3 51. Qd5+ Kxb4 52.
Qd4+ Kxa5 53. Nc4+ Kb5 54. Qd5+ Kb4 55. Qxb7+ Kc3 56. Qb6 Qxc4 57. Qe3+ Kc2 0-1

[Event "V Festival FIDE"]
[Site "Torre del Greco ITA"]
[Date "2006.09.05"]
[Round "3"]
[White "De Rosa, Mariagrazia"]
[Black "Sellitti, Federico"]
[Result "1/2-1/2"]
[WhiteElo "2092"]
[BlackElo "2165"]
[PlyCount "128"]
[EventDate "2006.09.03"]

1. e4 c5 2. Nf3 d6 3. d4 cxd4 4. Nxd4 Nf6 5. f3 g6 6. c4 Bg7 7. Be3 O-O 8. Nc3
Nc6 9. Qd2 Bd7 10. Be2 a6 11. O-O Rc8 12. Rfc1 Nxd4 13. Bxd4 Be6 14. Nd5 Bxd5
15. exd5 Qd7 16. Bb6 Rfe8 17. Rab1 e6 18. dxe6 Rxe6 19. b4 Qe7 20. Bf1 Nd7 21.
Bf2 Ne5 22. Qd5 Rc7 23. Rd1 Rd7 24. g3 Kh8 25. Bh3 f5 26. Re1 Qf6 27. f4 Ree7
28. fxe5 dxe5 29. Qf3 e4 30. Qe3 Rd3 31. Qf4 Red7 32. Bf1 Rf3 33. Qb8+ Rd8 34.
Qxb7 Rxf2 35. Kxf2 Qc3 36. Rbd1 Bd4+ 37. Rxd4 Rxd4 38. Qb8+ Kg7 39. Qc7+ Kg8
40. Qb8+ Kg7 41. Be2 Rd2 42. Qf4 Qxb4 43. Qe5+ Kf7 44. c5 Rd7 45. Rc1 Re7 46.
Qc3 e3+ 47. Kg1 Qe4 48. Bc4+ Ke8 49. Rd1 Re5 50. Qd4 Qxd4 51. Rxd4 e2 52. Bxe2
Rxe2 53. Ra4 Re6 54. Kf2 Kd7 55. Kf3 Kc7 56. h4 h6 57. Kf4 Kb7 58. h5 gxh5 59.
Kxf5 Re3 60. c6+ Kxc6 61. Rxa6+ Kb5 62. Rxh6 Rxg3 63. Rxh5 Rg2 64. a3 Ra2
1/2-1/2

[Event "V Festival FIDE"]
[Site "Torre del Greco ITA"]
[Date "2006.09.05"]
[Round "3"]
[White "Isonzo, David"]
[Black "Madan, Augustin"]
[Result "1/2-1/2"]
[WhiteElo "2361"]
[BlackElo "2411"]
[PlyCount "70"]
[EventDate "2006.09.03"]

1. e4 c5 2. Nf3 d6 3. d4 cxd4 4. Nxd4 Nf6 5. Nc3 Nc6 6. Bg5 Bd7 7. Qd2 Qa5 8.
Nb3 Qd8 9. Nd4 Nxd4 10. Qxd4 Qa5 11. Bd2 Rc8 12. O-O-O a6 13. Kb1 Qc5 14. Qxc5
Rxc5 15. f3 g6 16. Be3 Rc6 17. Bd4 Bg7 18. Nd5 Nh5 19. Bxg7 Nxg7 20. g4 e6 21.
Nc3 Ke7 22. f4 Rc5 23. Bg2 Bc6 24. Rhe1 a5 25. Rd2 Rc8 26. a3 b5 27. Red1 Ne8
28. b4 Rxc3 29. Rd3 axb4 30. axb4 Rxd3 31. Rxd3 Bb7 32. Kb2 f6 33. Rc3 Rxc3 34.
Kxc3 e5 35. fxe5 g5 1/2-1/2

[Event "V Festival FIDE"]
[Site "Torre del Greco ITA"]
[Date "2006.09.05"]
[Round "3"]
[White "Stromboli, Carlo"]
[Black "Amato, Andrea"]
[Result "1-0"]
[WhiteElo "2196"]
[BlackElo "2263"]
[PlyCount "97"]
[EventDate "2006.09.03"]

1. e4 e6 2. d4 d5 3. e5 c5 4. c3 Nc6 5. Be3 Nh6 6. Qd2 Nf5 7. Nf3 Qb6 8. Be2
Be7 9. O-O O-O 10. Bd3 cxd4 11. cxd4 Nxe3 12. fxe3 Nb4 13. Be2 Bd7 14. Nc3 f6
15. exf6 Bxf6 16. Kh1 Rad8 17. Rac1 Na6 18. a3 Be8 19. b4 Nb8 20. Qe1 Bg6 21.
Nh4 Be4 22. Nf3 a5 23. bxa5 Qb3 24. Nxe4 dxe4 25. Bc4 Qxa3 26. Bxe6+ Kh8 27.
Nd2 Bg5 28. Nc4 Qe7 29. d5 Na6 30. Ne5 Bf6 31. Qg3 Nc5 32. Nf7+ Rxf7 33. Bxf7
Nd3 34. Rc7 Qb4 35. Rc2 Qxa5 36. Qc7 Qa4 37. Be6 Qe8 38. Qxb7 Bg5 39. Qf7 Bxe3
40. Qxe8+ Rxe8 41. d6 Rb8 42. g3 Nc5 43. Bd5 g5 44. Re1 Bd4 45. Bxe4 g4 46. Bf5
h5 47. d7 Kg7 48. Rd1 Nb3 49. Rc8 1-0

[Event "V Festival FIDE"]
[Site "Torre del Greco ITA"]
[Date "2006.09.05"]
[Round "3"]
[White "Stromboli, Ettore"]
[Black "Orlov, Andrey"]
[Result "0-1"]
[WhiteElo "2224"]
[BlackElo "2439"]
[PlyCount "110"]
[EventDate "2006.09.03"]

1. e4 d6 2. d4 Nf6 3. Nc3 e5 4. Nf3 exd4 5. Nxd4 Be7 6. g3 d5 7. exd5 Nxd5 8.
Bd2 O-O 9. Bg2 Nb6 10. Be3 Nc4 11. O-O Nxe3 12. fxe3 c6 13. Qf3 Nd7 14. Nf5 Ne5
15. Qe4 Bxf5 16. Rxf5 Ng6 17. Raf1 Qb6 18. Na4 Qc7 19. Qc4 Bd6 20. Nc3 Ne5 21.
Qb3 g6 22. R5f2 Qb6 23. Ne4 Qxb3 24. axb3 Be7 25. h3 Rad8 26. Rd2 f5 27. Rxd8
Rxd8 28. Nc3 Bc5 29. Rd1 Bxe3+ 30. Kf1 Rxd1+ 31. Nxd1 Bd4 32. Ke2 Kf7 33. c3
Bb6 34. b4 g5 35. b3 Kf6 36. Nb2 Bc7 37. Kf2 g4 38. hxg4 fxg4 39. Be4 h5 40.
Nd3 Nf7 41. Nc5 Nd6 42. Bd3 Bb6 43. Ke2 Bxc5 44. bxc5 Nb5 45. Kd2 Kg5 46. c4
Nd4 47. b4 Nf5 48. b5 Nxg3 49. Ke3 h4 50. Kf2 Kf4 51. bxc6 bxc6 52. Bg6 Ne4+
53. Kg2 Nxc5 54. Be8 a5 55. Bxc6 h3+ 0-1

[Event "V Festival FIDE"]
[Site "Torre del Greco ITA"]
[Date "2006.09.06"]
[Round "4"]
[White "Amato, Andrea"]
[Black "Stromboli, Ettore"]
[Result "1/2-1/2"]
[WhiteElo "2263"]
[BlackElo "2224"]
[PlyCount "66"]
[EventDate "2006.09.03"]

1. e4 e6 2. d4 d5 3. e5 c5 4. c3 Nc6 5. Nf3 Qb6 6. a3 c4 7. Nbd2 Na5 8. Be2 Bd7
9. O-O Be7 10. a4 Nh6 11. Qe1 Nf5 12. Bd1 g5 13. Kh1 g4 14. Ng1 h5 15. Bc2
O-O-O 16. Rb1 Nb3 17. Qe2 Kb8 18. Nxb3 cxb3 19. Bxf5 exf5 20. Qd3 Bxa4 21. Qxf5
Bb5 22. Rd1 Qe6 23. Qf4 Rdg8 24. Qe3 g3 25. fxg3 h4 26. Qf3 hxg3 27. h3 Rh7 28.
Bf4 Ka8 29. Ra1 Bc4 30. Ra4 Qc6 31. Raa1 Qe6 32. Ra4 Qc6 33. Raa1 Qe6 1/2-1/2

[Event "V Festival FIDE"]
[Site "Torre del Greco ITA"]
[Date "2006.09.06"]
[Round "4"]
[White "De Rosa, Mariagrazia"]
[Black "Isonzo, David"]
[Result "0-1"]
[WhiteElo "2092"]
[BlackElo "2361"]
[PlyCount "50"]
[EventDate "2006.09.03"]

1. e4 e5 2. Nf3 Nc6 3. d4 exd4 4. Nxd4 Nf6 5. Nxc6 bxc6 6. e5 Qe7 7. Qe2 Nd5 8.
g3 g6 9. Bg2 Bg7 10. O-O O-O 11. c4 Nb6 12. Re1 Re8 13. Bf4 Ba6 14. Nc3 g5 15.
Be3 Qxe5 16. Qh5 h6 17. Be4 Nxc4 18. Rad1 d5 19. Bd4 Qd6 20. Bxg7 Kxg7 21. h4
Nxb2 22. Rd2 Nd3 23. Re3 dxe4 24. hxg5 Qg6 25. gxh6+ Qxh6 0-1

[Event "V Festival FIDE"]
[Site "Torre del Greco ITA"]
[Date "2006.09.06"]
[Round "4"]
[White "Madan, Augustin"]
[Black "Castaldo, Folco"]
[Result "1-0"]
[WhiteElo "2411"]
[BlackElo "2336"]
[PlyCount "101"]
[EventDate "2006.09.03"]

1. e4 e6 2. Nf3 d5 3. Nc3 Nf6 4. e5 Nfd7 5. d4 c5 6. dxc5 Nc6 7. Bf4 Bxc5 8.
Bd3 f6 9. exf6 Nxf6 10. Qe2 O-O 11. O-O-O Bd6 12. Bxd6 Qxd6 13. Rhe1 Bd7 14.
Kb1 Rae8 15. Bb5 Kh8 16. Bxc6 Bxc6 17. Ne5 Nd7 18. f3 Nxe5 19. Qxe5 Qxe5 20.
Rxe5 Kg8 21. Rde1 Bd7 22. Ne2 Rf5 23. Rxf5 exf5 24. Kc1 Bb5 25. Kd2 Bxe2 26.
Rxe2 Rxe2+ 27. Kxe2 Kf7 28. Kd3 Ke6 29. f4 Kd6 30. Kd4 b6 31. a4 Ke6 32. a5 Kd6
33. axb6 axb6 34. b3 g6 35. g3 Kc6 36. Ke5 Kc5 37. c3 b5 38. h3 h6 39. g4 fxg4
40. hxg4 Kc6 41. b4 h5 42. f5 h4 43. fxg6 h3 44. g7 h2 45. g8=Q h1=Q 46. Qc8+
Kb6 47. Qc5+ Ka6 48. Qxd5 Qh8+ 49. Kd6 Qf8+ 50. Kc7 Qg7+ 51. Qd7 1-0

[Event "V Festival FIDE"]
[Site "Torre del Greco ITA"]
[Date "2006.09.06"]
[Round "4"]
[White "Okhotnik, Vladimir"]
[Black "Stromboli, Carlo"]
[Result "1/2-1/2"]
[WhiteElo "2485"]
[BlackElo "2196"]
[PlyCount "180"]
[EventDate "2006.09.03"]

1. d4 e6 2. Nf3 b6 3. Bg5 Be7 4. Bxe7 Qxe7 5. Nc3 f5 6. Qd3 Nf6 7. g3 Bb7 8.
Bg2 O-O 9. O-O d6 10. Rae1 Nc6 11. a3 Rae8 12. b4 Nb8 13. Nh4 d5 14. Nf3 c5 15.
Rb1 cxd4 16. Nxd4 Nc6 17. Nxc6 Bxc6 18. b5 Ba8 19. Na2 Rc8 20. Nb4 Nd7 21. Qe3
Qf6 22. Rfd1 Rc3 23. Rd3 Rfc8 24. f4 R8c4 25. Rbd1 Nc5 26. Rxc3 Rxc3 27. Qc1
Rc4 28. Qa1 Bb7 29. Qxf6 gxf6 30. Ra1 Kf8 31. e3 Rc3 32. Kf2 a5 33. bxa6 Bxa6
34. Bf3 Bb5 35. Ra2 Bc4 36. Ra1 Bb5 37. h3 Ba4 38. Ke2 Bb5+ 39. Kf2 Ba4 40. g4
fxg4 41. hxg4 Bd7 42. Ra2 Bb5 43. f5 Bc4 44. Ra1 exf5 45. gxf5 Nd7 46. Rh1 Kg7
47. Rg1+ Kf8 48. Rd1 Ne5 49. Bxd5 Ng4+ 50. Ke1 Nxe3 51. Bxc4 Nxd1 52. Bb3 Rf3
53. Kxd1 Rxf5 54. Nd5 h5 55. Nxb6 h4 56. Be6 Rf3 57. a4 Ke7 58. Bd5 Rf4 59. a5
Rf1+ 60. Ke2 Ra1 61. Nc4 h3 62. Kf2 h2 63. a6 Rxa6 64. Kg2 Ra2 65. Ne3 Ra4 66.
Bb3 Re4 67. Nf5+ Kd7 68. Kxh2 Kc6 69. Kg3 Kc5 70. Kf3 Re8 71. Ne3 Kd4 72. Nf5+
Kc5 73. Ng3 Kb4 74. Ne4 Rc8 75. Ke2 f5 76. Nf6 Kc3 77. Nd5+ Kd4 78. Kd2 Rd8 79.
Nf4 Ke4+ 80. Nd3 f4 81. Bf7 Rd6 82. Ke2 f3+ 83. Kf2 Kd4 84. Ne1 Kc3 85. Bb3 Rb6
86. Bd5 Rb2 87. Be4 Rb1 88. Nxf3 Rc1 89. Ne1 Kd2 90. Nf3+ Kc3 1/2-1/2

[Event "V Festival FIDE"]
[Site "Torre del Greco ITA"]
[Date "2006.09.06"]
[Round "4"]
[White "Sellitti, Federico"]
[Black "Orlov, Andrey"]
[Result "1/2-1/2"]
[WhiteElo "2165"]
[BlackElo "2439"]
[PlyCount "71"]
[EventDate "2006.09.03"]

1. e4 g6 2. d4 Bg7 3. c3 c6 4. f4 d5 5. e5 Nh6 6. Nf3 O-O 7. Bd3 Qb6 8. Qb3 f6
9. Na3 fxe5 10. fxe5 Bf5 11. Bxf5 Nxf5 12. Nc2 Na6 13. Qxb6 axb6 14. Ne3 Nc7
15. Nxf5 Rxf5 16. Be3 Ne6 17. Ke2 Raf8 18. Rhf1 Rh5 19. h4 Rhf5 20. g4 R5f7 21.
Ng5 Rxf1 22. Rxf1 Rxf1 23. Kxf1 Nxg5 24. hxg5 e6 25. Ke2 Kf7 26. b4 Ke7 27. Kd3
Kd7 28. Ke2 Bf8 29. Kd3 Be7 30. Ke2 Kc7 31. Kd3 Kb8 32. a4 b5 33. axb5 Kc7 34.
bxc6 Kxc6 35. Kc2 Bd8 36. Bd2 1/2-1/2

[Event "V Festival FIDE"]
[Site "Torre del Greco ITA"]
[Date "2006.09.07"]
[Round "5"]
[White "Castaldo, Folco"]
[Black "De Rosa, Mariagrazia"]
[Result "1-0"]
[WhiteElo "2336"]
[BlackElo "2092"]
[PlyCount "55"]
[EventDate "2006.09.03"]

1. d4 g6 2. e4 Bg7 3. Nc3 c6 4. h3 d5 5. Nf3 Nh6 6. Bd3 f6 7. O-O O-O 8. Re1
Nf7 9. Bf1 Na6 10. exd5 cxd5 11. Bf4 e6 12. a4 Re8 13. Bh2 Nb4 14. Nb5 e5 15.
dxe5 fxe5 16. Qd2 Nc6 17. Rad1 a6 18. Nc3 e4 19. Nxd5 Bf5 20. Nc7 Rf8 21. Nxa8
Qf6 22. Nc7 exf3 23. g4 Bc8 24. c3 Bh6 25. Qd5 Rd8 26. Re8+ Kg7 27. Rxd8 Ncxd8
28. Ne8+ 1-0

[Event "V Festival FIDE"]
[Site "Torre del Greco ITA"]
[Date "2006.09.07"]
[Round "5"]
[White "Isonzo, David"]
[Black "Sellitti, Federico"]
[Result "1-0"]
[WhiteElo "2361"]
[BlackElo "2165"]
[PlyCount "69"]
[EventDate "2006.09.03"]

1. e4 c5 2. Nf3 d6 3. Bb5+ Bd7 4. Bxd7+ Qxd7 5. c4 Nc6 6. Nc3 g6 7. d4 cxd4 8.
Nxd4 Bg7 9. Nde2 Nf6 10. f3 O-O 11. O-O Rfd8 12. Bg5 h6 13. Bh4 g5 14. Bf2 e6
15. Nd4 d5 16. exd5 exd5 17. c5 Nh5 18. Re1 Nf4 19. Nce2 Nxd4 20. Bxd4 Re8 21.
Bxg7 Nxe2+ 22. Rxe2 Rxe2 23. Qxe2 Kxg7 24. Qe5+ Kg6 25. Rd1 Rd8 26. Qd4 Qe6 27.
b4 f5 28. b5 Qf6 29. Qa4 Qb2 30. c6 Re8 31. cxb7 Qe2 32. Qd4 Qxa2 33. Ra1 Qc2
34. Qxd5 Qc3 35. Qc6+ 1-0

[Event "V Festival FIDE"]
[Site "Torre del Greco ITA"]
[Date "2006.09.07"]
[Round "5"]
[White "Orlov, Andrey"]
[Black "Amato, Andrea"]
[Result "1-0"]
[WhiteElo "2439"]
[BlackElo "2263"]
[PlyCount "75"]
[EventDate "2006.09.03"]

1. e4 e6 2. d4 d5 3. e5 c5 4. c3 Nc6 5. Nf3 Bd7 6. a3 f6 7. Bd3 fxe5 8. dxe5
Qc7 9. Qe2 Nh6 10. O-O Nf7 11. Re1 c4 12. Bc2 Be7 13. Nbd2 g5 14. g4 O-O-O 15.
Nf1 h5 16. h3 hxg4 17. hxg4 Rh3 18. Ba4 Rdh8 19. Kg2 Rxf3 20. Qxf3 Nfxe5 21.
Qe2 Nd3 22. Rd1 e5 23. Rxd3 cxd3 24. Qxd3 e4 25. Qxd5 Bxg4 26. Bd1 Bh3+ 27. Kg1
Bxf1 28. Bg4+ Kb8 29. Kxf1 Ne5 30. Bf5 Rh1+ 31. Ke2 Nd3 32. Qg8+ Bd8 33. Bxg5
Rxa1 34. Bxe4 Re1+ 35. Kxd3 Qd6+ 36. Bd5 Re5 37. Bf4 Kc7 38. Qg7+ 1-0

[Event "V Festival FIDE"]
[Site "Torre del Greco ITA"]
[Date "2006.09.07"]
[Round "5"]
[White "Stromboli, Carlo"]
[Black "Madan, Augustin"]
[Result "1/2-1/2"]
[WhiteElo "2196"]
[BlackElo "2411"]
[PlyCount "149"]
[EventDate "2006.09.03"]

1. e4 c5 2. Nf3 Nc6 3. d4 cxd4 4. Nxd4 Nf6 5. Nc3 e6 6. Nxc6 bxc6 7. Bd3 d5 8.
O-O Be7 9. Re1 O-O 10. Bg5 d4 11. Nb1 e5 12. Nd2 Nd7 13. Bxe7 Qxe7 14. Nc4 Nb6
15. Qe2 Qc5 16. Reb1 a5 17. a3 Be6 18. Nd2 Rfb8 19. Nb3 Qd6 20. f4 Bxb3 21.
cxb3 Nd7 22. Bc4 exf4 23. Rf1 Ne5 24. Qd2 f3 25. gxf3 Nxc4 26. bxc4 Rb3 27. Rf2
a4 28. Re1 Rab8 29. Qc1 c5 30. f4 d3 31. Qe3 Rxb2 32. e5 Qg6+ 33. Kh1 Qc6+ 34.
Kg1 Rxf2 35. Qxf2 g6 36. f5 gxf5 37. e6 Kh8 38. exf7 Qg6+ 39. Kf1 Qxf7 40. Qxc5
Rd8 41. Qe5+ Qg7 42. Qe8+ Qf8 43. Qe5+ Kg8 44. Kf2 Rd6 45. Rg1+ Rg6 46. Qd5+
Kg7 47. Rxg6+ hxg6 48. Qxd3 Qc5+ 49. Kf3 Qc6+ 50. Kf2 Kf6 51. Qd4+ Ke6 52. c5
Qd5 53. Qxa4 Qxc5+ 54. Kg3 Qe3+ 55. Kg2 Qd2+ 56. Kg3 Qd3+ 57. Kg2 Ke5 58. Qe8+
Kf6 59. Qc6+ Kg5 60. Qf3 Qd2+ 61. Qf2 Qd5+ 62. Qf3 Qa2+ 63. Kg3 Qc4 64. Kg2 f4
65. Kh3 Kf5 66. Qg4+ Kf6 67. Kg2 Qc2+ 68. Kg1 g5 69. h4 Qc1+ 70. Kf2 Qc5+ 71.
Kf1 Qc4+ 72. Kf2 Qd4+ 73. Kf1 Qd3+ 74. Kf2 Qe3+ 75. Kf1 1/2-1/2

[Event "V Festival FIDE"]
[Site "Torre del Greco ITA"]
[Date "2006.09.07"]
[Round "5"]
[White "Stromboli, Ettore"]
[Black "Okhotnik, Vladimir"]
[Result "0-1"]
[WhiteElo "2224"]
[BlackElo "2485"]
[PlyCount "130"]
[EventDate "2006.09.03"]

1. e4 g6 2. d4 Bg7 3. Nc3 d5 4. exd5 Nf6 5. Nf3 Nxd5 6. Nxd5 Qxd5 7. Be2 c5 8.
Be3 Nc6 9. c3 cxd4 10. Nxd4 Nxd4 11. Bxd4 Bxd4 12. Qxd4 Qxd4 13. cxd4 Be6 14.
Bf3 O-O-O 15. Rd1 Bxa2 16. Ra1 Bd5 17. Bxd5 Rxd5 18. Rxa7 Kb8 19. Ra4 Rhd8 20.
Ke2 Rxd4 21. Rxd4 Rxd4 22. Rc1 Rb4 23. Rc2 Rb6 24. f3 Rc6 25. Rd2 Kc7 26. Ke3
Rd6 27. Rc2+ Rc6 28. Rf2 Rd6 29. Rc2+ Kd7 30. Rc3 h5 31. Rc2 Rd1 32. Kf4 f6 33.
h4 Rd4+ 34. Kg3 e5 35. Kh3 Rd3 36. Re2 Rb3 37. Kh2 Ke6 38. Kg3 Rb4 39. Rd2 b5
40. Rc2 Rc4 41. Rd2 b4 42. Re2 f5 43. Rd2 e4 44. fxe4 Rxe4 45. Rd8 Ke5 46. Rd2
Rd4 47. Rc2 Kd5 48. Rc8 Rg4+ 49. Kh3 f4 50. Rc7 Kd4 51. Rc6 Kd5 52. Rc8 Rg3+
53. Kh2 Rb3 54. Rc2 f3 55. gxf3 Rxf3 56. Kg2 Rf4 57. Kg3 Rg4+ 58. Kh3 Rg1 59.
Kh2 Re1 60. Kg2 Re4 61. Kh3 Kd4 62. Kg3 Rg4+ 63. Kh3 g5 64. hxg5 Rxg5 65. b3
Rc5 0-1

[Event "V Festival FIDE"]
[Site "Torre del Greco ITA"]
[Date "2006.09.08"]
[Round "6"]
[White "De Rosa, Mariagrazia"]
[Black "Stromboli, Carlo"]
[Result "1/2-1/2"]
[WhiteElo "2092"]
[BlackElo "2196"]
[PlyCount "108"]
[EventDate "2006.09.03"]

1. e4 e5 2. Nf3 Nc6 3. Bb5 a6 4. Ba4 Nf6 5. O-O b5 6. Bb3 Bc5 7. c3 d6 8. d4
Bb6 9. h3 h6 10. dxe5 Nxe5 11. Nxe5 dxe5 12. Qxd8+ Kxd8 13. Bxf7 Bb7 14. Nd2
Nxe4 15. Nxe4 Bxe4 16. Re1 Bb7 17. Be3 Ke7 18. Bxb6 cxb6 19. Bb3 Kf6 20. Re2
Rhe8 21. Rae1 Rad8 22. Bc2 Bc6 23. f3 Rd7 24. Kf2 b4 25. c4 Rd4 26. b3 b5 27.
Be4 Bd7 28. c5 Rc8 29. Rc1 Bc6 30. Ke3 Ke6 31. Bxc6 Rxc6 32. Rd2 Kd5 33. Rxd4+
exd4+ 34. Kd3 g5 35. Rc2 a5 36. Rc1 Ke5 37. Re1+ Kd5 38. Rc1 Ke5 39. g3 a4 40.
f4+ gxf4 41. gxf4+ Kd5 42. Re1 Rxc5 43. Re5+ Kc6 44. Rxc5+ Kxc5 45. f5 Kd5 46.
f6 Ke6 47. f7 Kxf7 48. Kxd4 Kf6 49. Kc5 axb3 50. axb3 Kg5 51. Kxb4 Kh4 52. Kxb5
Kxh3 53. Kc5 Kg2 54. b4 h5 1/2-1/2

[Event "V Festival FIDE"]
[Site "Torre del Greco ITA"]
[Date "2006.09.08"]
[Round "6"]
[White "Isonzo, David"]
[Black "Castaldo, Folco"]
[Result "1/2-1/2"]
[WhiteElo "2361"]
[BlackElo "2336"]
[PlyCount "71"]
[EventDate "2006.09.03"]

1. e4 e5 2. Nf3 Nc6 3. Bc4 Bc5 4. d3 Nf6 5. Nc3 d6 6. a3 a6 7. h3 h6 8. O-O O-O
9. Be3 Bxe3 10. fxe3 Be6 11. Bxe6 fxe6 12. Qe1 Ne7 13. d4 exd4 14. exd4 Nh5 15.
Qe3 Ng6 16. Kh2 Qe7 17. g3 Rf7 18. Rf2 Raf8 19. Raf1 Nf6 20. Kg2 e5 21. d5 Nh5
22. Ne2 a5 23. b3 Qd7 24. c4 b6 25. Ne1 Rxf2+ 26. Rxf2 Rxf2+ 27. Qxf2 Nf6 28.
Nc3 Ne7 29. Nd3 Nh7 30. Qe3 h5 31. h4 Ng6 32. Nf2 Ngf8 33. b4 axb4 34. axb4 Nf6
35. c5 bxc5 36. bxc5 1/2-1/2

[Event "V Festival FIDE"]
[Site "Torre del Greco ITA"]
[Date "2006.09.08"]
[Round "6"]
[White "Sellitti, Federico"]
[Black "Amato, Andrea"]
[Result "0-1"]
[WhiteElo "2165"]
[BlackElo "2263"]
[PlyCount "56"]
[EventDate "2006.09.03"]

1. e4 e6 2. d4 d5 3. Nd2 Be7 4. Bd3 c5 5. exd5 exd5 6. Bb5+ Nc6 7. dxc5 Bxc5 8.
Ngf3 Bxf2+ 9. Kxf2 Qb6+ 10. Kg3 Qxb5 11. Nb3 Nge7 12. Be3 Nf5+ 13. Kf2 Nxe3 14.
Re1 O-O 15. Rxe3 Bg4 16. Qd3 Qb6 17. c3 Bxf3 18. gxf3 Rad8 19. Rd1 a5 20. Rd2
Qc7 21. Kf1 Ne5 22. Qd4 Nc4 23. Rg2 Nxe3+ 24. Qxe3 Qd6 25. Nd4 Qf6 26. Rg5 Rfe8
27. Qg1 h6 28. Rg2 Re5 0-1